Normal view
MARC view
- E. C. Graham
Entry Personal Name
001 - CONTROL NUMBER
- control field: 100465
003 - CONTROL NUMBER IDENTIFIER
- control field: NUST
005 - DATE AND TIME OF LATEST TRANSACTION
- control field: 20221017130613.0
008 - FIXED-LENGTH DATA ELEMENTS
- fixed length control field: 221017|| aca||aabn | a|a d
040 ## - CATALOGING SOURCE
- Original cataloging agency: NUST
- Transcribing agency: NUST
100 ## - HEADING--PERSONAL NAME
- Personal name: E. C. Graham
670 ## - SOURCE DATA FOUND
- Source citation: Work cat.: (NUST)184399: E. C. Graham, Encyclopedia of scientific terms, 1997
